000 01009nam a2200277 i 4500
003 DO-SdBNP
005 20231017103156.0
007 ta
008 231017b2023 dr acd|| |||| 00| 0 spa d
020 _a9789945242836
040 _aDO-SdBNP
_bspa
_cBNPHU
_erda
082 4 _222
100 _aNavas, Bertha Lisbeth,
_eautora
_984488
245 1 0 _aMatemática 3 :
_bdel Proyecto Activamente, primer ciclo educación primaria /
_cBertha Lisbeth ; corrección Mirtha González Gutiérrez
264 _aSanto Domingo :
_bSantillana,
_c2023.
300 _avolumen :
_bilustraciones, retratos, gráficos ;
_c28 cm.
336 _2rdacontent
_atexto
_btxt
337 _2rdamedia
_asin mediación
_bn
338 _2rdacarrier
_avolumen
_bnc
490 _aProyecto Activa Mente
505 _av.1-
_tLibro de texto--
_gv.2--
_tGuía didáctica--
_gv.3
_tCuaderno de actividades.
590 _aInventariado, 2023/BT
700 1 _aGonzález Gutiérrez, Mirtha,
_ecorrección
_929833
910 _aBtavárez
942 _2ddc
_cLBS1
999 _c55178
_d55178